[Event "94th Paris-ch  2019"]
[Site "Paris"]
[Date "2019.07.14"]
[Round "9.8"]
[White "Macon, Arthur"]
[Black "Bergez, Luc"]
[Result "1/2-1/2"]
[WhiteElo "2270"]
[BlackElo "2308"]
[Annotator "NA"]
[PlyCount "155"]
[EventDate "2019.07.07"]
[EventType "swiss"]
[EventCountry "FRA"]
[SourceTitle "playchess.com"]
[Source "ChessBase"]
[SourceQuality "1"]
[TimeControl "5400+30"]

1. Nf3 {[%emt 0:00:00]} Nf6 {[%emt 0:02:28]} 2. g3 {[%emt 0:00:00]} g6 {[%emt 0:00:15]} 3. Bg2 {[%emt 0:00:17]} Bg7 {[%emt 0:00:11]} 4. O-O {[%emt 0:00:15]} O-O {[%emt 0:00:11]} 5. c4 {[%emt 0:00:09]} d6 {[%emt 0:01:13]} 6. Nc3 {[%emt 0:00:24]} Nbd7 {[%emt 0:01:03]} 7. d3 {[%emt 0:05:35]} c6 {[%emt 0:02:03]} 8. Bd2 {[%emt 0:07:41]} e5 {[%emt 0:00:49]} 9. Ne1 {[%emt 0:02:03]} Nb6 {[%emt 0:02:57]} 10. Rc1 {[%emt 0:05:10]} Be6 {[%emt 0:01:03]} 11. Nf3 {[%emt 0:05:26]} h6 {[%emt 0:15:15]} 12. b3 {[%emt 0:04:27]} Qd7 {[%emt 0:04:32]} 13. c5 {[%emt 0:01:03]} Nbd5 {[%emt 0:00:29]} 14. cxd6 {[%emt 0:07:23]} Qxd6 {[%emt 0:00:28]} 15. Qc2 {[%emt 0:07:06]} Rfe8 {[%emt 0:05:24]} 16. Rfd1 {[%emt 0:00:58]} Rad8 {[%emt 0:04:26]} 17. Qb1 {[%emt 0:05:52]} Qb8 {[%emt 0:01:44]} 18. Na4 {[%emt 0:04:49]} Bc8 {[%emt 0:01:53]} 19. e4 {[%emt 0:01:38]} Nc7 {[%emt 0:00:30]} 20. Bc3 {[%emt 0:01:34]} Nb5 {[%emt 0:01:20]} 21. Bb2 {[%emt 0:04:51]} Bg4 {[%emt 0:00:09]} 22. h3 {[%emt 0:01:40]} Bxf3 {[%emt 0:00:10]} 23. Bxf3 {[%emt 0:00:04]} Nd4 {[%emt 0:00:16]} 24. Bxd4 {[%emt 0:00:05]} Rxd4 {[%emt 0:00:19]} 25. Nc3 {[%emt 0:02:54]} Qd8 {[%emt 0:02:32]} 26. Ne2 {[%emt 0:02:47]} Rd6 {[%emt 0:00:15]} 27. b4 {[%emt 0:02:45]} Qd7 {[%emt 0:02:06]} 28. Bg2 {[%emt 0:01:21]} h5 {[%emt 0:00:58]} 29. a4 {[%emt 0:00:59]} h4 {[%emt 0:01:04]} 30. gxh4 {[%emt 0:05:18]} Nh5 {[%emt 0:00:36]} 31. b5 {[%emt 0:00:27]} Bf6 {[%emt 0:00:51]} 32. bxc6 {[%emt 0:00:42]} bxc6 {[%emt 0:00:11]} 33. Rc3 {[%emt 0:01:44]} Bxh4 {[%emt 0:01:50]} 34. Rb3 {[%emt 0:00:37]} Qd8 {[%emt 0:00:35]} 35. Rf1 {[%emt 0:02:17]} Qa5 {[%emt 0:02:47]} 36. Rb8 {[%emt 0:01:19]} Rdd8 {[%emt 0:00:36]} 37. Rxd8 {[%emt 0:00:14]} Rxd8 {[%emt 0:00:12]} 38. Qc2 {[%emt 0:00:05]} Qa6 {[%emt 0:01:47]} 39. Rd1 {[%emt 0:03:31]} Qb6 {[%emt 0:00:28]} 40. Rf1 {[%emt 0:00:13]} Rd6 {[%emt 0:01:49]} 41. Qc3 {[%emt 0:01:27]} Bf6 {[%emt 0:00:15]} 42. Qc2 {[%emt 0:01:21]} Qa6 {[%emt 0:03:14]} 43. Rd1 {[%emt 0:00:09]} Ng7 {[%emt 0:01:46]} 44. Bf3 {[%emt 0:01:37]} Bh4 {[%emt 0:03:34]} 45. d4 {[%emt 0:03:26]} Rf6 {[%emt 0:00:43]} 46. Kg2 {[%emt 0:01:25]} exd4 {[%emt 0:03:53]} 47. Nxd4 {[%emt 0:00:07]} Qa5 {[%emt 0:00:26]} 48. Qd2 {[%emt 0:00:55]} Qe5 {[%emt 0:02:17]} 49. Qe3 {[%emt 0:01:47]} Bg5 {[%emt 0:09:36]} 50. Qb3 {[%emt 0:00:05]} Bf4 {[%emt 0:00:39]} 51. Ne2 {[%emt 0:00:29]} Qg5+ {[%emt 0:00:17]} 52. Bg4 {[%emt 0:01:52]} Bc7 {[%emt 0:02:23]} 53. Qe3 {[%emt 0:01:24]} Qa5 {[%emt 0:00:49]} 54. Qc3 {[%emt 0:00:57]} Qxa4 {[%emt 0:04:57]} 55. Qxf6 {[%emt 0:00:37]} Qxd1 {[%emt 0:00:11]} 56. Qxc6 {[%emt 0:00:05]} Bb6 {[%emt 0:00:26]} 57. Qc8+ {[%emt 0:00:21]} Kh7 {[%emt 0:00:53]} 58. Qc4 {[%emt 0:00:07]} Kg8 {[%emt 0:05:55]} 59. Qc8+ {[%emt 0:00:02]} Qd8 {[%emt 0:00:13]} 60. Qxd8+ Bxd8 {[%emt 0:00:01]} 61. Nc3 {[%emt 0:00:59]} a5 {[%emt 0:00:30]} 62. f4 {[%emt 0:00:31]} Bc7 {[%emt 0:03:27]} 63. f5 {[%emt 0:00:44]} Be5 {[%emt 0:00:26]} 64. Na4 {[%emt 0:00:19]} g5 {[%emt 0:01:12]} 65. Bd1 {[%emt 0:00:07]} Bd4 {[%emt 0:00:13]} 66. Kf3 {[%emt 0:01:14]} Kf8 {[%emt 0:03:22]} 67. Ke2 {[%emt 0:00:44]} Ke7 {[%emt 0:00:02]} 68. Kd3 {[%emt 0:00:06]} Be5 {[%emt 0:02:17]} 69. Kc4 {[%emt 0:00:10]} Ne8 {[%emt 0:00:39]} 70. Kd5 {[%emt 0:00:54]} Bf4 {[%emt 0:00:26]} 71. Bc2 {[%emt 0:00:54]} Nf6+ {[%emt 0:00:13]} 72. Kc4 {[%emt 0:00:54]} Kd6 {[%emt 0:00:40]} 73. Nc5 {[%emt 0:00:21]} Be3 {[%emt 0:00:41]} 74. Nb7+ {[%emt 0:02:21]} Ke5 {[%emt 0:00:01]} 75. Nd8 {[%emt 0:02:00]} Nxe4 {[%emt 0:01:52]} 76. Nxf7+ {[%emt 0:00:04]} Kf4 {[%emt 0:01:14]} 77. Bxe4 {[%emt 0:00:18]} Kxe4 {[%emt 0:00:10]} 78. Kb5 {[%emt 0:00:08]} 1/2-1/2

[Event "94th Paris-ch  2019"]
[Site "Paris"]
[Date "2019.07.14"]
[Round "9.9"]
[White "O`Sullivan, Thomas"]
[Black "Albaric, Etienne"]
[Result "1-0"]
[WhiteElo "2291"]
[BlackElo "2225"]
[Annotator "NA"]
[PlyCount "57"]
[EventDate "2019.07.07"]
[EventType "swiss"]
[EventCountry "FRA"]
[SourceTitle "playchess.com"]
[Source "ChessBase"]
[SourceQuality "1"]
[TimeControl "5400+30"]

1. d4 {[%emt 0:11:14]} Nf6 {[%emt 0:09:46]} 2. c4 {[%emt 0:00:18]} e6 {[%emt 0:00:16]} 3. Nc3 {[%emt 0:00:04]} Bb4 {[%emt 0:00:24]} 4. Qc2 {[%emt 0:00:06]} d5 {[%emt 0:00:16]} 5. cxd5 {[%emt 0:00:05]} Qxd5 {[%emt 0:00:04]} 6. e3 {[%emt 0:00:09]} c5 {[%emt 0:00:47]} 7. Bd2 {[%emt 0:00:06]} Bxc3 {[%emt 0:00:27]} 8. Bxc3 {[%emt 0:00:02]} cxd4 {[%emt 0:00:47]} 9. Bxd4 {[%emt 0:00:05]} Nc6 {[%emt 0:00:05]} 10. Bc3 {[%emt 0:00:04]} O-O {[%emt 0:01:37]} 11. Nf3 {[%emt 0:00:09]} Rd8 {[%emt 0:00:56]} 12. Be2 {[%emt 0:00:08]} Qc5 {[%emt 0:00:38]} 13. Rc1 {[%emt 0:12:18]} Bd7 {[%emt 0:37:42]} 14. O-O {[%emt 0:03:13]} Rac8 {[%emt 0:02:21]} 15. Qb1 {[%emt 0:08:05]} Qe7 {[%emt 0:01:47]} 16. Ng5 {[%emt 0:05:36]} e5 {[%emt 0:01:27]} 17. Bc4 {[%emt 0:02:30]} Be8 {[%emt 0:00:35]} 18. Rfd1 {[%emt 0:03:25]} a6 {[%emt 0:03:35]} 19. Ne4 {[%emt 0:15:54]} b5 {[%emt 0:02:46]} 20. Nxf6+ {[%emt 0:00:18]} Qxf6 {[%emt 0:00:02]} 21. Bd5 {[%emt 0:00:25]} b4 {[%emt 0:10:17]} 22. Be1 {[%emt 0:08:30]} Rd6 {[%emt 0:04:46]} 23. Bxb4 {[%emt 0:08:30]} Rdd8 {[%emt 0:08:17]} 24. Bc3 {[%emt 0:00:20]} Ne7 {[%emt 0:03:15]} 25. Be4 {[%emt 0:00:30]} h5 {[%emt 0:00:03]} 26. Rxd8 {[%emt 0:01:04]} Rxd8 {[%emt 0:00:01]} 27. Rd1 {[%emt 0:00:12]} Rc8 {[%emt 0:00:23]} 28. Qd3 {[%emt 0:01:10]} Qe6 {[%emt 0:00:37]} 29. Qd6 {[%emt 0:02:48]} 1-0

[Event "94th Paris-ch  2019"]
[Site "Paris"]
[Date "2019.07.14"]
[Round "9.10"]
[White "Bharath Subramaniyam H"]
[Black "Ojas Kulkarni"]
[Result "1-0"]
[WhiteElo "2405"]
[BlackElo "2251"]
[Annotator "NA"]
[PlyCount "57"]
[EventDate "2019.07.07"]
[EventType "swiss"]
[EventCountry "FRA"]
[SourceTitle "playchess.com"]
[Source "ChessBase"]
[SourceQuality "1"]
[TimeControl "5400+30"]

1. e4 {[%emt 0:00:00]} e5 {[%emt 0:00:17]} 2. Nf3 {[%emt 0:00:00]} Nc6 {[%emt 0:00:11]} 3. Bb5 {[%emt 0:00:00]} a6 {[%emt 0:00:08]} 4. Ba4 {[%emt 0:00:07]} d6 {[%emt 0:00:05]} 5. c3 {[%emt 0:00:34]} Bd7 {[%emt 0:00:08]} 6. d4 {[%emt 0:01:29]} g6 {[%emt 0:00:24]} 7. Bg5 {[%emt 0:02:28]} f6 {[%emt 0:00:56]} 8. Be3 {[%emt 0:00:25]} Nh6 {[%emt 0:01:49]} 9. Bb3 {[%emt 0:08:13]} Na5 {[%emt 0:02:09]} 10. O-O {[%emt 0:07:20]} Nxb3 {[%emt 0:00:49]} 11. Qxb3 {[%emt 0:00:25]} Qc8 {[%emt 0:00:09]} 12. c4 {[%emt 0:06:29]} Bg4 {[%emt 0:06:05]} 13. Nfd2 {[%emt 0:05:24]} Be6 {[%emt 0:00:51]} 14. f3 {[%emt 0:03:11]} Nf7 {[%emt 0:05:40]} 15. Nc3 {[%emt 0:02:14]} Bh6 {[%emt 0:01:03]} 16. Bxh6 {[%emt 0:02:21]} Nxh6 {[%emt 0:00:16]} 17. Nd5 {[%emt 0:00:47]} Kf7 {[%emt 0:02:49]} 18. f4 {[%emt 0:06:01]} exd4 {[%emt 0:01:44]} 19. Nf3 {[%emt 0:04:14]} c5 {[%emt 0:03:34]} 20. Nb6 {[%emt 0:03:13]} Qc6 {[%emt 0:00:23]} 21. Nxa8 {[%emt 0:00:12]} Rxa8 {[%emt 0:00:02]} 22. Ng5+ {[%emt 0:01:26]} fxg5 {[%emt 0:01:20]} 23. fxg5+ {[%emt 0:00:02]} Kg8 {[%emt 0:00:07]} 24. gxh6 {[%emt 0:00:09]} b5 {[%emt 0:00:04]} 25. cxb5 {[%emt 0:00:48]} Qxe4 {[%emt 0:00:53]} 26. Qg3 {[%emt 0:00:49]} Qd5 {[%emt 0:01:16]} 27. Rae1 {[%emt 0:02:50]} axb5 {[%emt 0:00:19]} 28. Qf4 {[%emt 0:01:29]} Bf5 {[%emt 0:02:39]} 29. g4 {[%emt 0:00:38]} 1-0

[Event "94th Paris-ch  2019"]
[Site "Paris"]
[Date "2019.07.14"]
[Round "9.11"]
[White "Materia, Marco"]
[Black "Philippe, Guillaume"]
[Result "0-1"]
[WhiteElo "2243"]
[BlackElo "2344"]
[Annotator "NA"]
[PlyCount "140"]
[EventDate "2019.07.07"]
[EventType "swiss"]
[EventCountry "FRA"]
[SourceTitle "playchess.com"]
[Source "ChessBase"]
[SourceQuality "1"]
[TimeControl "5400+30"]

1. d4 {[%emt 0:00:00]} Nf6 {[%emt 0:01:26]} 2. c4 {[%emt 0:00:00]} e6 {[%emt 0:00:12]} 3. Nc3 {[%emt 0:00:00]} Bb4 {[%emt 0:00:46]} 4. e3 {[%emt 0:00:00]} c5 {[%emt 0:00:20]} 5. Nge2 {[%emt 0:01:02]} b6 {[%emt 0:00:20]} 6. a3 {[%emt 0:02:20]} Ba5 {[%emt 0:00:14]} 7. Rb1 {[%emt 0:15:24]} Na6 {[%emt 0:00:08]} 8. Qa4 {[%emt 0:05:39]} Bb7 {[%emt 0:14:06]} 9. Bd2 {[%emt 0:14:07]} Bc6 {[%emt 0:00:13]} 10. Qc2 {[%emt 0:01:27]} O-O {[%emt 0:02:46]} 11. Nf4 {[%emt 0:03:49]} cxd4 {[%emt 0:03:08]} 12. exd4 {[%emt 0:01:48]} Bxc3 {[%emt 0:00:13]} 13. Bxc3 {[%emt 0:02:19]} Be4 {[%emt 0:00:28]} 14. Bd3 {[%emt 0:04:47]} d5 {[%emt 0:00:44]} 15. cxd5 {[%emt 0:19:39]} exd5 {[%emt 0:00:34]} 16. f3 {[%emt 0:01:49]} Bxd3 {[%emt 0:01:44]} 17. Nxd3 {[%emt 0:00:19]} Re8+ {[%emt 0:00:30]} 18. Ne5 {[%emt 0:00:54]} Nc7 {[%emt 0:06:13]} 19. O-O {[%emt 0:01:02]} Ne6 {[%emt 0:00:06]} 20. Rbd1 {[%emt 0:02:54]} b5 {[%emt 0:03:20]} 21. a4 {[%emt 0:02:42]} a6 {[%emt 0:02:04]} 22. Rfe1 {[%emt 0:01:23]} Qb6 {[%emt 0:00:47]} 23. Qb3 {[%emt 0:00:51]} Rab8 {[%emt 0:02:19]} 24. Qb4 {[%emt 0:01:17]} Qb7 {[%emt 0:02:20]} 25. Ra1 {[%emt 0:01:14]} Nh5 {[%emt 0:03:39]} 26. axb5 {[%emt 0:02:00]} axb5 {[%emt 0:00:06]} 27. Ra5 {[%emt 0:00:54]} f6 {[%emt 0:01:01]} 28. Nd3 {[%emt 0:01:25]} Qc6 {[%emt 0:00:35]} 29. Qb3 {[%emt 0:04:14]} Nef4 {[%emt 0:06:54]} 30. Rxe8+ {[%emt 0:02:54]} Qxe8 {[%emt 0:00:10]} 31. Qc2 {[%emt 0:02:06]} Qe3+ {[%emt 0:11:23]} 32. Nf2 {[%emt 0:00:18]} Rc8 {[%emt 0:08:17]} 33. Ra3 {[%emt 0:03:57]} b4 {[%emt 0:04:13]} 34. Bxb4 {[%emt 0:00:48]} Qc1+ {[%emt 0:00:35]} 35. Qd1 {[%emt 0:00:35]} Qxd1+ {[%emt 0:02:30]} 36. Nxd1 {[%emt 0:00:01]} Rc1 {[%emt 0:00:09]} 37. g4 {[%emt 0:01:08]} Rxd1+ {[%emt 0:00:36]} 38. Kf2 {[%emt 0:00:06]} Nh3+ {[%emt 0:03:52]} 39. Ke2 {[%emt 0:00:11]} Rxd4 {[%emt 0:00:23]} 40. Ra8+ {[%emt 0:00:53]} Kf7 {[%emt 0:00:30]} 41. Ra7+ {[%emt 0:00:22]} Ke8 {[%emt 0:00:20]} 42. Re7+ {[%emt 0:00:51]} Kd8 {[%emt 0:00:24]} 43. gxh5 {[%emt 0:00:22]} Rxb4 {[%emt 0:00:25]} 44. Rxg7 {[%emt 0:00:09]} Nf4+ {[%emt 0:00:17]} 45. Ke3 {[%emt 0:00:16]} Nxh5 {[%emt 0:00:57]} 46. Rxh7 {[%emt 0:00:28]} Nf4 {[%emt 0:00:05]} 47. Rf7 {[%emt 0:00:39]} Ne6 {[%emt 0:01:57]} 48. Rxf6 {[%emt 0:00:18]} Ke7 {[%emt 0:00:04]} 49. Rh6 {[%emt 0:00:34]} Rb3+ {[%emt 0:00:27]} 50. Kf2 {[%emt 0:00:45]} Rxb2+ {[%emt 0:00:04]} 51. Ke3 {[%emt 0:00:15]} Rb3+ {[%emt 0:00:07]} 52. Kf2 {[%emt 0:00:11]} d4 {[%emt 0:00:23]} 53. Rh5 {[%emt 0:00:21]} Kd6 {[%emt 0:00:39]} 54. Ra5 {[%emt 0:00:46]} Rb2+ {[%emt 0:00:12]} 55. Kg3 {[%emt 0:00:36]} d3 {[%emt 0:00:38]} 56. Ra1 {[%emt 0:00:18]} Ke5 {[%emt 0:02:24]} 57. h4 {[%emt 0:00:27]} d2 {[%emt 0:03:15]} 58. Rd1 {[%emt 0:00:30]} Kd4 {[%emt 0:00:20]} 59. h5 {[%emt 0:00:36]} Ke3 {[%emt 0:00:19]} 60. h6 {[%emt 0:01:16]} Ke2 {[%emt 0:00:29]} 61. h7 {[%emt 0:00:31]} Rb8 {[%emt 0:00:03]} 62. Rb1 {[%emt 0:00:37]} Rh8 {[%emt 0:00:17]} 63. f4 {[%emt 0:00:15]} d1=Q {[%emt 0:00:08]} 64. Rxd1 {[%emt 0:00:10]} Kxd1 {[%emt 0:00:04]} 65. f5 {[%emt 0:00:06]} Nd8 {[%emt 0:00:10]} 66. Kf4 {[%emt 0:00:05]} Rxh7 {[%emt 0:00:09]} 67. Kg5 {[%emt 0:00:07]} Ke2 {[%emt 0:00:07]} 68. Kg6 {[%emt 0:00:04]} Rf7 {[%emt 0:00:04]} 69. f6 {[%emt 0:00:09]} Ke3 {[%emt 0:00:05]} 70. Kf5 {[%emt 0:00:06]} Kd4 {[%emt 0:01:05]} 0-1

[Event "94th Paris-ch  2019"]
[Site "Paris"]
[Date "2019.07.14"]
[Round "9.12"]
[White "Samoun, Florent"]
[Black "Le Goff, Ronan"]
[Result "1/2-1/2"]
[WhiteElo "2230"]
[BlackElo "2281"]
[Annotator "NA"]
[PlyCount "87"]
[EventDate "2019.07.07"]
[EventType "swiss"]
[EventCountry "FRA"]
[SourceTitle "playchess.com"]
[Source "ChessBase"]
[SourceQuality "1"]
[TimeControl "5400+30"]

1. e4 {[%emt 0:15:39]} e5 {[%emt 0:00:00]} 2. Nf3 {[%emt 0:00:14]} Nc6 {[%emt 0:00:00]} 3. Bb5 {[%emt 0:00:10]} a6 {[%emt 0:00:00]} 4. Ba4 {[%emt 0:00:05]} d6 {[%emt 0:00:05]} 5. c3 {[%emt 0:02:58]} Bd7 {[%emt 0:00:15]} 6. O-O {[%emt 0:00:25]} g6 {[%emt 0:00:10]} 7. d4 {[%emt 0:01:27]} Bg7 {[%emt 0:00:20]} 8. Re1 {[%emt 0:02:08]} Nf6 {[%emt 0:00:10]} 9. dxe5 {[%emt 0:01:18]} Nxe5 {[%emt 0:01:51]} 10. Nxe5 {[%emt 0:01:12]} dxe5 {[%emt 0:00:34]} 11. Bxd7+ {[%emt 0:09:27]} Qxd7 {[%emt 0:01:56]} 12. Qxd7+ {[%emt 0:00:32]} Nxd7 {[%emt 0:00:10]} 13. Be3 {[%emt 0:01:09]} O-O-O {[%emt 0:01:28]} 14. Nd2 {[%emt 0:02:56]} Nc5 {[%emt 0:02:09]} 15. Red1 {[%emt 0:09:07]} Na4 {[%emt 0:06:27]} 16. Rab1 {[%emt 0:04:09]} Rd3 {[%emt 0:04:05]} 17. Kf1 {[%emt 0:17:26]} Rhd8 {[%emt 0:07:22]} 18. g4 {[%emt 0:04:39]} Bf8 {[%emt 0:05:13]} 19. Ke2 {[%emt 0:02:45]} f6 {[%emt 0:08:11]} 20. Rdc1 {[%emt 0:07:15]} Bc5 {[%emt 0:02:46]} 21. Rc2 {[%emt 0:01:13]} b5 {[%emt 0:04:05]} 22. Rbc1 {[%emt 0:05:01]} Be7 {[%emt 0:04:40]} 23. c4 {[%emt 0:05:27]} b4 {[%emt 0:09:59]} 24. c5 {[%emt 0:00:14]} c6 {[%emt 0:02:20]} 25. Nb3 {[%emt 0:02:52]} R3d7 {[%emt 0:01:57]} 26. Rb1 {[%emt 0:01:19]} Ra7 {[%emt 0:01:43]} 27. Na5 {[%emt 0:00:35]} Kc7 {[%emt 0:00:09]} 28. Rc4 {[%emt 0:01:45]} Rb8 {[%emt 0:00:22]} 29. Kd2 {[%emt 0:00:28]} Rb5 {[%emt 0:00:53]} 30. Nb3 {[%emt 0:00:07]} a5 {[%emt 0:00:20]} 31. Kc2 {[%emt 0:00:45]} Ra8 {[%emt 0:00:45]} 32. Rd1 {[%emt 0:00:24]} Rh8 {[%emt 0:00:32]} 33. f4 {[%emt 0:00:45]} Kc8 {[%emt 0:00:32]} 34. fxe5 {[%emt 0:00:15]} fxe5 {[%emt 0:00:09]} 35. Rf1 {[%emt 0:00:26]} Kd7 {[%emt 0:00:21]} 36. g5 {[%emt 0:00:49]} Ke6 {[%emt 0:00:36]} 37. h3 {[%emt 0:00:29]} Rd8 {[%emt 0:00:31]} 38. Rf2 {[%emt 0:00:31]} Rd7 {[%emt 0:01:26]} 39. Rf1 {[%emt 0:00:29]} Rd8 {[%emt 0:01:11]} 40. h4 {[%emt 0:00:18]} Ra8 {[%emt 0:00:29]} 41. Rf3 {[%emt 0:00:41]} Rd8 {[%emt 0:01:16]} 42. Rf2 {[%emt 0:00:19]} Ra8 {[%emt 0:00:06]} 43. Rf1 {[%emt 0:00:43]} Rd8 {[%emt 0:00:07]} 44. Rf2 {[%emt 0:00:31]} 1/2-1/2

[Event "94th Paris-ch  2019"]
[Site "Paris"]
[Date "2019.07.14"]
[Round "9.13"]
[White "Manoeuvre, Antoine"]
[Black "Tomasi, Albert"]
[Result "1-0"]
[WhiteElo "2325"]
[BlackElo "2300"]
[Annotator "NA"]
[PlyCount "81"]
[EventDate "2019.07.07"]
[EventType "swiss"]
[EventCountry "FRA"]
[SourceTitle "playchess.com"]
[Source "ChessBase"]
[SourceQuality "1"]
[TimeControl "5400+30"]

1. Nf3 {[%emt 0:00:00]} Nf6 {[%emt 0:03:46]} 2. b3 {[%emt 0:00:00]} c5 {[%emt 0:03:54]} 3. c4 {[%emt 0:01:47]} d5 {[%emt 0:02:39]} 4. cxd5 {[%emt 0:00:58]} Nxd5 {[%emt 0:00:07]} 5. g3 {[%emt 0:03:20]} Nc6 {[%emt 0:01:16]} 6. Bb2 {[%emt 0:00:16]} f6 {[%emt 0:03:57]} 7. Nc3 {[%emt 0:08:52]} e5 {[%emt 0:06:22]} 8. Nxd5 {[%emt 0:06:26]} Qxd5 {[%emt 0:00:19]} 9. d3 {[%emt 0:00:16]} Be6 {[%emt 0:02:33]} 10. Bg2 {[%emt 0:00:19]} Be7 {[%emt 0:01:51]} 11. O-O {[%emt 0:03:37]} Qd7 {[%emt 0:00:07]} 12. Qd2 {[%emt 0:02:52]} O-O {[%emt 0:00:27]} 13. Rfc1 {[%emt 0:01:06]} a5 {[%emt 0:06:29]} 14. Qd1 {[%emt 0:02:25]} a4 {[%emt 0:30:06]} 15. bxa4 {[%emt 0:04:36]} Nb4 {[%emt 0:00:33]} 16. Nd2 {[%emt 0:16:09]} Nxa2 {[%emt 0:08:32]} 17. Rcb1 {[%emt 0:00:37]} Rfb8 {[%emt 0:04:57]} 18. Nc4 {[%emt 0:06:29]} Qxa4 {[%emt 0:01:29]} 19. Qd2 {[%emt 0:00:04]} Ra6 {[%emt 0:09:23]} 20. Bc3 {[%emt 0:04:23]} b5 {[%emt 0:00:19]} 21. Rb2 {[%emt 0:01:06]} Nxc3 {[%emt 0:07:48]} 22. Rxa4 {[%emt 0:00:07]} Nxa4 {[%emt 0:00:10]} 23. Rb1 {[%emt 0:00:39]} b4 {[%emt 0:02:01]} 24. Ra1 {[%emt 0:01:36]} Bd7 {[%emt 0:02:23]} 25. Nb2 {[%emt 0:03:58]} b3 {[%emt 0:00:29]} 26. Bd5+ {[%emt 0:00:53]} Kf8 {[%emt 0:00:05]} 27. Bc4 {[%emt 0:03:53]} Raa8 {[%emt 0:00:33]} 28. Rb1 {[%emt 0:03:13]} Rb4 {[%emt 0:00:52]} 29. Nxa4 {[%emt 0:01:53]} Bxa4 {[%emt 0:00:11]} 30. Qe3 {[%emt 0:00:54]} Bc6 {[%emt 0:00:43]} 31. Qc1 {[%emt 0:01:40]} b2 {[%emt 0:00:33]} 32. Rxb2 {[%emt 0:00:29]} Ra3 {[%emt 0:00:35]} 33. Ra2 {[%emt 0:01:55]} Rc3 {[%emt 0:00:29]} 34. Qa1 {[%emt 0:00:43]} Rcxc4 {[%emt 0:00:31]} 35. dxc4 {[%emt 0:00:15]} Rxc4 {[%emt 0:00:18]} 36. Ra7 {[%emt 0:02:40]} Rd4 {[%emt 0:00:41]} 37. f3 {[%emt 0:00:47]} c4 {[%emt 0:00:17]} 38. Qa6 {[%emt 0:00:42]} Be8 {[%emt 0:00:44]} 39. Rc7 {[%emt 0:01:15]} Bf7 {[%emt 0:00:30]} 40. Qa7 {[%emt 0:00:26]} Rd1+ {[%emt 0:00:30]} 41. Kg2 {[%emt 0:00:40]} 1-0

[Event "94th Paris-ch  2019"]
[Site "Paris"]
[Date "2019.07.14"]
[Round "9.14"]
[White "Dutreuil, Raphael"]
[Black "Le Quang, Kim"]
[Result "1/2-1/2"]
[WhiteElo "2302"]
[BlackElo "2243"]
[Annotator "NA"]
[PlyCount "55"]
[EventDate "2019.07.07"]
[EventType "swiss"]
[EventCountry "FRA"]
[SourceTitle "playchess.com"]
[Source "ChessBase"]
[SourceQuality "1"]
[TimeControl "5400+30"]

1. g3 {[%emt 0:12:09]} f5 {[%emt 0:02:36]} 2. Bg2 {[%emt 0:00:19]} Nf6 {[%emt 0:00:04]} 3. c4 {[%emt 0:01:09]} g6 {[%emt 0:00:07]} 4. d4 {[%emt 0:01:38]} Bg7 {[%emt 0:00:06]} 5. Nh3 {[%emt 0:01:26]} d6 {[%emt 0:01:45]} 6. O-O {[%emt 0:00:32]} e5 {[%emt 0:02:29]} 7. dxe5 {[%emt 0:01:17]} dxe5 {[%emt 0:00:04]} 8. Qxd8+ {[%emt 0:00:31]} Kxd8 {[%emt 0:00:20]} 9. e4 {[%emt 0:04:34]} c6 {[%emt 0:08:48]} 10. exf5 {[%emt 0:10:58]} gxf5 {[%emt 0:01:15]} 11. Ng5 {[%emt 0:00:35]} Kc7 {[%emt 0:09:14]} 12. Re1 {[%emt 0:00:28]} Re8 {[%emt 0:00:45]} 13. b3 {[%emt 0:01:21]} Nbd7 {[%emt 0:03:33]} 14. Bb2 {[%emt 0:03:45]} h6 {[%emt 0:05:37]} 15. Nh3 {[%emt 0:17:03]} Bf8 {[%emt 0:13:14]} 16. Nd2 {[%emt 0:03:33]} Bd6 {[%emt 0:05:06]} 17. Rad1 {[%emt 0:01:13]} a5 {[%emt 0:04:03]} 18. Nf3 {[%emt 0:07:38]} e4 {[%emt 0:14:59]} 19. Nh4 {[%emt 0:01:06]} Ne5 {[%emt 0:00:19]} 20. Nf4 {[%emt 0:03:08]} a4 {[%emt 0:00:17]} 21. Bd4 {[%emt 0:00:48]} Bb4 {[%emt 0:03:01]} 22. Re2 {[%emt 0:02:29]} axb3 {[%emt 0:01:50]} 23. axb3 {[%emt 0:00:14]} Ra5 {[%emt 0:04:40]} 24. Nhg6 {[%emt 0:01:26]} Nfd7 {[%emt 0:04:14]} 25. Ra1 {[%emt 0:03:34]} Nxg6 {[%emt 0:02:48]} 26. Nxg6 {[%emt 0:00:15]} Rxa1+ {[%emt 0:00:11]} 27. Bxa1 {[%emt 0:00:04]} Nc5 {[%emt 0:00:36]} 28. f3 {[%emt 0:02:05]} 1/2-1/2